| 000 | 00636nam a2200229Ia 4500 | ||
|---|---|---|---|
| 003 | OSt | ||
| 005 | 20221007071102.0 | ||
| 006 | a|||||r|||| 00| 0 | ||
| 007 | ta | ||
| 008 | 221006b |||||||| |||| 00| 0 eng d | ||
| 024 | _a22,182 | ||
| 037 | _cTextual | ||
| 040 |
_aFLL _cFLL _beng |
||
| 041 |
_2eng _aeng |
||
| 082 | _aZ236:922, G4 | ||
| 100 | _aRustomji Kaikhosru J. | ||
| 245 | 0 | _aTreatise on customary law in the Punjab | |
| 260 |
_aLahore _bThe University Book Agency Pakistan _c1934 |
||
| 300 |
_axi,320p _ccm. |
||
| 942 |
_hZ236:922, G4 _cTEXL _2CC |
||
| 999 |
_c1142410 _d1142410 |
||